Chez moi y a un lama - Hippocampe Fou (paroles) - Statistiques

Statistiques générales
  • Ce quiz a été pris 14 fois
  • Le résultat moyen est 104 sur 296
Statistiques - réponses
Réponse % Correct
Chez
100%
de
100%
De
100%
100%
la
100%
lama,
100%
moi,
100%
moi
100%
un
100%
Un
100%
y
100%
À
86%
a
86%
à
86%
le
71%
Le
71%
y'a
71%
Y'a
71%
des
57%
Des
57%
Car
43%
dans
43%
d'panorama
43%
du
43%
en
43%
et
43%
Et,
43%
Et
43%
les
43%
me
43%
mes
43%
pas
43%
amas
29%
barrées
29%
biberon,
29%
Bonaparte
29%
cabriolet,
29%
cambrioler,
29%
ce
29%
cidre
29%
Clara
29%
clefs
29%
dahu
29%
d'citron
29%
d'un
29%
écarlate
29%
électrons
29%
émérite
29%
éperons,
29%
garé
29%
groupe
29%
haut,
29%
Horla
29%
je
29%
j'l'ai
29%
j'y
29%
lamas
29%
l'écarte,
29%
libres
29%
listes
29%
ou
29%
29%
Phonétik
29%
photos
29%
plus
29%
pour
29%
prison
29%
pseudo
29%
quand
29%
qu'est
29%
qui
29%
Qui
29%
raffut
29%
sais
29%
Secte
29%
suis
29%
textes
29%
Valderrama
29%
Venez
29%
vers
29%
voler
29%
bagues,
14%
bien
14%
blague
14%
Carambar
14%
Carla
14%
comme
14%
d'une
14%
escalier
14%
fument,
14%
gammas
14%
idées
14%
Kubrick
14%
l'appart
14%
"Let
14%
l'utérus
14%
mais
14%
mon
14%
musique
14%
pattes
14%
poils
14%
poupée
14%
prépuce
14%
prophétique
14%
puent
14%
pyjamas
14%
quatre
14%
rayons
14%
russe
14%
rustique
14%
sans
14%
Sous
14%
sous
14%
t'as
14%
tuent,
14%
agrafées
0%
algues
0%
amygdales
0%
Assez
0%
asymétrique,
0%
be
0%
bedave
0%
been
0%
calamars,
0%
calme,
0%
C'est
0%
charme
0%
chewing
0%
crade
0%
cramé
0%
cuisine
0%
dagues,
0%
débris
0%
déchiffrer
0%
delà,
0%
déprime
0%
d'érable
0%
divX
0%
dix
0%
Drag
0%
drague,
0%
Emmanuel
0%
être
0%
femmes
0%
films
0%
gags
0%
gros
0%
gums,
0%
Haneke,
0%
has
0%
hiéroglyphes
0%
hit
0%
homériques,
0%
kebabs
0%
labyrinthique
0%
lags,
0%
l'au
0%
livres
0%
lyrics
0%
mags
0%
m'anime
0%
manuels
0%
m'illumine,
0%
m'inhume
0%
Miyazaki,
0%
mygales
0%
mythique
0%
palmes,
0%
parlent
0%
peut
0%
piles
0%
pixels
0%
Prague,
0%
puis
0%
Queen"
0%
rames,
0%
rapper
0%
sapes
0%
sardines
0%
singles
0%
sirop
0%
spams
0%
synopsis
0%
table
0%
taffer,
0%
tags,
0%
tartines
0%
terminer,
0%
titube
0%
Trier
0%
Trop
0%
truc
0%
vagues
0%
Von
0%
XL,
0%
Aucun quiz correspondant
Distribution des résultats
% des personnes avec chaque résultat
Percentile par nombre de réponses
Votre historique - résultats
Vous n’avez pas pris ce quiz